History of medicine in India : (Record no. 59961)

MARC details
000 -LEADER
fixed length control field 01569nam a22002897a 4500
005 - DATE AND TIME OF LATEST TRANSACTION
control field 20111226102516.0
010 ## - LCCN (DPL NO)
LC control number ENG-104492 B-489265-267
020 ## - INTERNATIONAL STANDARD BOOK NUMBER
International Standard Book Number 9788178353234
Terms of availability 750.00
020 ## - INTERNATIONAL STANDARD BOOK NUMBER
International Standard Book Number 8178353237
Terms of availability 750.00
035 ## - SYSTEM CONTROL NUMBER
System control number EN-88025 B-489265-267
037 ## - SOURCE OF ACQUISITION
Source of stock number/acquisition DBAD/PUB
037 ## - SOURCE OF ACQUISITION
Source of stock number/acquisition KBD/Ven
082 ## - DEWEY DECIMAL CLASSIFICATION NUMBER
Classification number 362.10954
245 00 - TITLE STATEMENT
Title History of medicine in India :
Statement of responsibility, etc edited by Chittabrata Palit [and] Achintya Kumar Dutta
Remainder of title the medical encounter /
260 ## - PUBLICATION, DISTRIBUTION, ETC. (IMPRINT)
Place of publication, distribution, etc Delhi
Name of publisher, distributor, etc Kalpaz Publications
Date of publication, distribution, etc 2011
270 ## - ADDRESS
Address C-30, Satyawati Nagar,
City Delhi
Postal code 110052
300 ## - PHYSICAL DESCRIPTION
Extent 355p.
Dimensions 22cm (Hb)
500 ## - GENERAL NOTE
General note Incluides index
700 ## - ADDED ENTRY--PERSONAL NAME
Personal name Palit, Chittabrata
9 (RLIN) 37565
700 ## - ADDED ENTRY--PERSONAL NAME
Personal name Dutta, Achintya Kumar
9 (RLIN) 37578
942 ## - ADDED ENTRY ELEMENTS (KOHA)
Source of classification or shelving scheme Dewey Decimal Classification
Item type English Books
Call number suffix HIS
Classification part 362.10954
Holdings
Withdrawn status Lost status Not for loan Collection code Home library Current library Date acquired Source of acquisition Cost, normal purchase price Full call number Barcode Copy number Cost, replacement price Koha item type
    Not For Loan Non-fiction D.B.Act.Division D.B.Act.Division 26/12/2011 DBAD / PUB 750.00 362.10954 HIS EN-88025 1 750.00 English Books
      Non-fiction Sarojini Nagar Sarojini Nagar 30/01/2013 KBD/BL9/27.12.2012/121/27.12.2012/08.01.2012 750.00 362.10954 HIS B-489265 2 750.00 English Books
      Non-fiction Sarojini Nagar Sarojini Nagar 30/01/2013 KBD/BL9/27.12.2012/121/27.12.2012/08.01.2012 750.00 362.10954 HIS B-489266 2 750.00 English Books
      Non-fiction Vinoba Puri Vinoba Puri 30/01/2013 KBD/BL9/27.12.2012/121/27.12.2012/08.01.2012 750.00 362.10954 HIS B-489267 1 750.00 English Books

© Delhi Public Library
Hit Counter
free hit counter